|
|
|
|
| LEADER |
00000ckm a2200000 a 4500 |
| 001 |
vtls001204925 |
| 003 |
SK-MaSNL |
| 005 |
20260331202651.0 |
| 007 |
kf co |
| 008 |
230718s1989 xo g 0kuslo |
| 015 |
|
|
|a SNBG1989
|
| 035 |
|
|
|a SNK000147995
|
| 035 |
|
|
|a urn:nbn:sk:snk-km3luth
|
| 035 |
|
|
|a 525F0F07-D9C6-4837-8667-1710DFCD41B5
|
| 035 |
|
|
|a urn:nbn:sk:snk-km00dt65
|
| 040 |
|
|
|a SNK
|b slo
|c SNK
|e AACR2
|
| 041 |
0 |
|
|a slo
|
| 043 |
|
|
|a e-xo---
|
| 044 |
|
|
|a xo
|c SK
|
| 072 |
|
7 |
|a 913
|x Regionálna geografia
|2 konspekt
|
| 080 |
|
|
|a 913(437.6)
|2 2011
|
| 080 |
|
|
|a 711.582
|2 2011
|
| 080 |
|
|
|a 711.51
|2 2011
|
| 080 |
|
|
|a 904:72/7.025.21
|2 2011
|
| 080 |
|
|
|a 728.81
|2 2011
|
| 080 |
|
|
|a 726:27-523.42
|2 2011
|
| 080 |
|
|
|a (084.121)
|2 2011
|
| 100 |
1 |
|
|a Zemiar, Bohuslav,
|d 1952-
|4 pht
|9 47876
|
| 245 |
1 |
|
|a Topoľčany
|h grafika
|c foto Bohuslav Zemiar, Izidor Zuzic, Vlasta Šmátralová
|
| 246 |
1 |
|
|i Názov na obrazovej časti:
|a Topolčany
|
| 260 |
|
|
|a Bratislava
|b Pravda
|c 1989
|
| 300 |
|
|
|a 1 pohľadnica (4 čiastkové pohľady)
|b farebná
|c 11 x 15 cm
|
| 500 |
|
|
|a Názvové údaje prevzaté z obrazovej časti pohľadnice
|
| 500 |
|
|
|a Na adresnej časti pohľadnice uvedené: Topoľčany - známe už od 11. stor. Z pôv. obchodného stredovekého mesta sa vyvinulo dôležité poľnohospodárske stredisko celého okolia. V blízkosti mesta sú zrúcaniny Topoľčianského hradu, založeného v 13. stor.
|
| 520 |
8 |
|
|a Zobrazenie: Na striebornom podklade v zelenom orámovaní pohľady na pešiu zónu s kostolom z diaľky, zrúcaninu tpolčianského hradu a sídlisko
|
| 610 |
2 |
7 |
|a Topoľčiansky hrad (Podhradie, Slovensko)
|2 SNKKA
|9 165142
|
| 650 |
0 |
7 |
|a sídliská
|2 SNKPH
|9 26585
|
| 650 |
0 |
7 |
|a pešie zóny
|2 SNKPH
|9 31836
|
| 650 |
0 |
7 |
|a zrúcaniny historických objektov
|2 SNKPH
|9 105150
|
| 650 |
0 |
7 |
|a hrady
|2 SNKPH
|9 3039
|
| 650 |
0 |
7 |
|a kostoly
|2 SNKPH
|9 3023
|
| 651 |
|
7 |
|a Topoľčany (Slovensko)
|2 SNKPHgeo
|9 31091
|
| 655 |
|
7 |
|a miestne pohľadnice
|2 SNKPH
|9 70510
|
| 700 |
1 |
|
|a Zuzic, Izidor
|c (fotograf)
|4 pht
|9 283286
|
| 700 |
1 |
|
|a Šmátralová, Vlasta
|c (fotografka)
|4 pht
|9 283285
|
| 852 |
|
|
|a Slovenská národná knižnica
|
| 954 |
|
|
|a pohľadnice pôvodné (slovenské)
|2 lita
|
| 958 |
|
|
|a GBN
|
| 958 |
|
|
|a TL
|
| 958 |
|
|
|a GC
|
| 958 |
|
|
|a OND
|
| 958 |
|
|
|a EUIPO
|
| 999 |
|
|
|c 1204689
|d 1206619
|
| 952 |
|
|
|a SNK
|b SNK
|y PREZ
|7 0
|p 17A1295329
|o snkSP 141611
|i snk709/90
|0 0
|1 0
|4 0
|d 2019-02-18
|f 1
|l 0
|r 2026-02-24 22:53:50
|w 2026-02-24
|
| 952 |
|
|
|a SNK
|b SNK
|y PREZ
|7 0
|p 17A1295447
|o snkSP 141611 D1
|i snk710/90
|0 0
|1 0
|4 0
|d 2019-02-18
|l 0
|r 2026-02-24 22:53:50
|w 2026-02-24
|